| 000 | 00727nam a2200229Ia 4500 | ||
|---|---|---|---|
| 003 | OSt | ||
| 005 | 20260105112427.0 | ||
| 008 | 220923b |||||||| |||| 00| 0 eng d | ||
| 020 | _a1856494101 | ||
| 037 | _cGeneral Book | ||
| 040 |
_aRTL _cRTL _beng |
||
| 041 |
_2eng _aeng |
||
| 084 |
_aY:3(S5).41.N7, N7 _qRTL |
||
| 100 |
_aThakur Ravni _9294029 |
||
| 245 | 0 | _aRewriting gender: reading contemporary Chinese women | |
| 260 |
_aLondon _bZed Books _c1997 |
||
| 300 |
_avii, 224 p. _bIncludes bibliographical references and index. |
||
| 500 | _aBibliography P200-217 | ||
| 650 |
_aSociology in Psychology Sex _9294030 |
||
| 942 |
_hY:3(S5).41.N7, N7 _cGB _2CC _n0 |
||
| 999 |
_c586223 _d586223 |
||